| 000 | 00812nam a22002537a 4500 | ||
|---|---|---|---|
| 001 | 778404 | ||
| 008 | 230314b |||||||| |||| 00| 0 eng d | ||
| 010 | _a 73000575 | ||
| 020 | _a0030891647 | ||
| 040 |
_aDLC _cDLC _dCUZ _beng _erda |
||
| 050 | 0 | 0 |
_aHM251 _bACU |
| 100 | 1 | _aAcuff, F. Gene. | |
| 245 | 1 | 0 |
_aFrom man to society; _bintroductory sociology, _cby F. Gene Acuff, Donald E. Allen [and] Lloyd A. Taylor. |
| 264 |
_aHinsdale, Ill., _bDryden Press _c[1973] |
||
| 300 |
_ax, 589 p. _billus. _c25 cm. |
||
| 336 |
_atext _btxt |
||
| 337 |
_aunmediated _bn |
||
| 338 | _2rdacarrier | ||
| 650 | 0 | _aSociology. | |
| 942 | _cOS | ||
| 999 |
_c44645 _d44645 |
||